| 000 -ლიდერი |
| ფიქსირებული სიგრძის საკონტროლო ველი |
01175nam a22002177a 4500 |
| 003 - საკონტროლო ნომრის იდენტიფიკატორი |
| საკონტროლო ველი |
Ge_BSU |
| 005 - ბოლო ოპერაციის თარიღი და დრო |
| საკონტროლო ველი |
20240717130256.0 |
| 008 - ფიქსირებული სიგრძის მონაცემთა ელემენტები - ზოგადი ინფორმაცია |
| ფიქსირებული სიგრძის საკონტროლო ველი |
240717s2019 ge ||||| |||| 00| 0 geo d |
| 020 ## - წიგნის საერთაშორისო სტანდარტული ნომერი |
| International Standard Book Number |
9789941819803 |
| 041 ## - ენის კოდი |
| Language code of text/sound track or separate title |
geo |
| 080 ## - უნივერსალური ათობითი კლასიფიკაციის ინდექსი |
| Universal Decimal Classification number |
321.64 ს-61 |
| 100 ## - მთავარი ჩანაწერი - პიროვნების სახელი |
| Personal name |
სნაიდერი, ტიმოთი |
| Relator term |
ავტორი. |
| 9 (RLIN) |
16635 |
| 245 ## - ცნობა სათაურის შესახებ |
| Title |
ტირანია: |
| Remainder of title |
მეოცე საუკუნის 20 გაკვეთილი = On Tiranny: Twenty Lessons from the Twentieth Century / |
| Statement of responsibility, etc |
ტიმოთი სნაიდერი ; თარგმანი მერი ფიფია ; რედაქტორი ქეთი ქანთარია ; ყდის დიზაინი და დაკაბადონება გვანცა მახათაძე |
| 264 ## - წარმოების, გამოცემის, დისტრიბუციის და სხვა ცნობები |
| გამოცემის, წარმოების, დისტრიბუციის... ადგილი |
თბილისი : |
| გამოცემის, წარმოების, დისტრიბუციის... სახელწოდება |
Poezia Press, |
| გამოცემის, წარმოების, დისტრიბუციის... თარიღი |
2019. |
| 300 ## - ფიზიკური აღწერა |
| Extent |
108 გვ. ; |
| Other physical details |
17 სმ. |
| 653 ## - INDEX TERM--UNCONTROLLED |
| Uncontrolled term |
ტირანია. |
| 653 ## - INDEX TERM--UNCONTROLLED |
| Uncontrolled term |
პოლიტიკა |
| 700 ## - ADDED ENTRY--PERSONAL NAME |
| Personal name |
ფიფია, მერი |
| Relator term |
მთარგმნელი |
| 9 (RLIN) |
5806 |
| 700 ## - ADDED ENTRY--PERSONAL NAME |
| Personal name |
ქანთარია, ქეთი |
| Relator term |
რედაქტორი |
| 9 (RLIN) |
22854 |
| 942 ## - ADDED ENTRY ELEMENTS (KOHA) |
| Source of classification or shelving scheme |
|
| Koha item type |
წიგნი |